[Event "16th Africa-ch (w)"]
[Site "Giza EGY"]
[Date "2023.05.06"]
[Round "1.1"]
[White "Wafa, Shrook"]
[Black "Romany, Joy"]
[Result "1-0"]
[WhiteElo "2138"]
[BlackElo "1736"]
[EventDate "2023.05.06"]
[PlyCount "119"]

1.e4 c5 2.Nf3 e6 3.g3 Nc6 4.Bg2 d6 5.O-O Nf6 6.Qe2 Be7 7.c3 O-O 8.Na3 a6 
9.Nc2 Ne5 10.Nxe5 dxe5 11.d3 Qc7 12.Bg5 h6 13.Bxf6 Bxf6 14.Ne3 Bd7 15.Rad1
Be7 16.Qh5 Bg5 17.Ng4 Kh7 18.Kh1 Bc6 19.Qh3 f5 20.Nxe5 Qxe5 21.f4 Bxf4 22.
gxf4 Qc7 23.Qe3 b6 24.d4 cxd4 25.cxd4 Bb7 26.d5 exd5 27.exd5 Rae8 28.Qd3 
Qd6 29.Rf2 Rd8 30.Qd4 Rfe8 31.Bf3 Re7 32.Rg2 Qc5 33.Qd3 g6 34.Rc2 Qd6 35.
Qd4 Rc7 36.Rxc7+ Qxc7 37.Kg2 Qc5 38.Qxc5 bxc5 39.Kf2 Kg7 40.Rc1 Rc8 41.Ke3
Kf6 42.Kd3 Ke7 43.Re1+ Kf7 44.Re6 Re8 45.h4 c4+ 46.Kxc4 Bxd5+ 47.Bxd5 Rxe6
48.b4 Ke7 49.Bxe6 Kxe6 50.a4 Kd6 51.b5 axb5+ 52.axb5 Kc7 53.Kc5 Kb7 54.b6 
h5 55.Kb5 g5 56.hxg5 h4 57.g6 h3 58.g7 h2 59.g8=Q h1=Q 60.Qf7+ 1-0

[Event "16th Africa-ch (w)"]
[Site "Giza EGY"]
[Date "2023.05.06"]
[Round "1.2"]
[White "Hassan, Hala"]
[Black "Khaled, Mona"]
[Result "0-1"]
[WhiteElo "1731"]
[BlackElo "2105"]
[EventDate "2023.05.06"]
[PlyCount "68"]

1.Nf3 d5 2.g3 Nf6 3.Bg2 Nbd7 4.d3 e5 5.O-O Bc5 6.Nxe5 Nxe5 7.d4 Bd6 8.dxe5
Bxe5 9.c4 c6 10.cxd5 Nxd5 11.e4 Nb4 12.Qxd8+ Kxd8 13.Nc3 Be6 14.a3 Nc2 15.
Rb1 b5 16.Rd1+ Kc8 17.Bd2 Rd8 18.Rbc1 Bb3 19.Bg5 f6 20.Rxd8+ Kxd8 21.Bd2 
a5 22.Rd1 Nxa3 23.Rc1 Nc4 24.Be3 a4 25.Bc5 Nxb2 26.Nb1 Kc7 27.Bf1 Bc4 28.
Bxc4 Nxc4 29.Na3 Nxa3 30.Bxa3 Bd6 31.Bxd6+ Kxd6 32.Kf1 a3 33.Ke2 c5 34.Kd3
c4+ 0-1

[Event "16th Africa-ch (w)"]
[Site "Giza EGY"]
[Date "2023.05.06"]
[Round "1.3"]
[White "Wafa, Shahenda"]
[Black "Mbatha, Constance"]
[Result "1-0"]
[WhiteElo "2101"]
[BlackElo "1704"]
[EventDate "2023.05.06"]
[PlyCount "77"]

1.e4 e5 2.Nf3 Nc6 3.Bb5 a6 4.Ba4 Be7 5.O-O Nf6 6.Re1 b5 7.Bb3 O-O 8.c3 d6 
9.h3 Bb7 10.d4 exd4 11.cxd4 d5 12.e5 Ne8 13.Nc3 Na7 14.Be3 c6 15.Bc2 g6 
16.Bh6 Ng7 17.Qd2 Re8 18.Nh2 Bc8 19.Ng4 Bxg4 20.hxg4 Ne6 21.Be3 c5 22.Ne2 
Nc6 23.Rad1 cxd4 24.Bxd4 Nexd4 25.Nxd4 Bb4 26.Qf4 Nxd4 27.Qxd4 Bxe1 28.
Rxe1 Rc8 29.Bb3 Qg5 30.Qxd5 Re7 31.Re4 Rc1+ 32.Bd1 Re6 33.g3 Rc8 34.Bb3 
Re7 35.Kg2 Rce8 36.Rf4 Re6 37.Qf3 Qxe5 38.Rxf7 a5 39.Ra7 1-0

[Event "16th Africa-ch (w)"]
[Site "Giza EGY"]
[Date "2023.05.06"]
[Round "1.4"]
[White "Ndirangu, Joyce Nyaruai"]
[Black "Nassr, Lina"]
[Result "0-1"]
[WhiteElo "1688"]
[BlackElo "2038"]
[EventDate "2023.05.06"]
[PlyCount "122"]

1.d4 d5 2.Nf3 Nf6 3.Bf4 e6 4.e3 c5 5.c3 Nc6 6.Bd3 Bd6 7.Bg5 O-O 8.Nbd2 
cxd4 9.exd4 h6 10.Bh4 a6 11.a4 e5 12.dxe5 Nxe5 13.Nxe5 Bxe5 14.O-O Bf4 15.
Nb3 b6 16.Re1 Bb7 17.Nd4 Bg5 18.Bxg5 hxg5 19.Re5 Ne4 20.Qh5 g6 21.Qh6 Qf6 
22.Nf3 g4 23.Ng5 Nxg5 24.Rxg5 Qg7 25.Qxg7+ Kxg7 26.Rxg4 Rac8 27.Kf1 Rh8 
28.h3 Rhe8 29.Rd1 f5 30.Rb4 Re6 31.f3 a5 32.Rd4 Kf6 33.Kf2 Rce8 34.g4 fxg4
35.Rf4+ Kg7 36.Rxg4 Rh8 37.Rdg1 Rh6 38.h4 Bc6 39.Bc2 Be8 40.Rd1 Rh5 41.Kg3
Re2 42.Rc1 Rhe5 43.b4 Rd2 44.Kf4 Rh5 45.Bxg6 Bxg6 46.Rcg1 axb4 47.Rxg6+ 
Kf7 48.Rxb6 bxc3 49.Kg4 Re5 50.f4 Re7 51.Rc6 d4 52.Rc1 Ra2 53.Rc4 Rd7 54.
Kf5 Rh2 55.Kg4 Rd6 56.Kg3 Re2 57.h5 Re3+ 58.Kg4 d3 59.R1xc3 d2 60.Rc7+ Kf6
61.Rxe3 d1=Q+ 0-1

[Event "16th Africa-ch (w)"]
[Site "Giza EGY"]
[Date "2023.05.06"]
[Round "1.5"]
[White "Latreche, Sabrina"]
[Black "Marochkina, Nadezhda"]
[Result "1-0"]
[WhiteElo "2036"]
[BlackElo "1675"]
[EventDate "2023.05.06"]
[PlyCount "77"]

1.e4 c6 2.d4 d5 3.exd5 cxd5 4.Bd3 Nf6 5.c3 Bg4 6.Qb3 Qc7 7.Ne2 Bxe2 8.Bxe2
e6 9.Nd2 Bd6 10.Nf3 Nbd7 11.O-O Ne4 12.h3 O-O 13.Bd3 Ndf6 14.Bg5 h6 15.
Bxf6 Nxf6 16.Rfe1 Rfe8 17.a4 a5 18.Ne5 Nd7 19.f4 Red8 20.Qc2 Qb6 21.Bh7+ 
Kf8 22.Nxf7 Re8 23.Ne5 Nf6 24.g4 Rac8 25.Bd3 Ke7 26.Re2 Nd7 27.Nxd7 Kxd7 
28.Bb5+ Rc6 29.Rf1 Re7 30.Qd3 Kc7 31.Bxc6 bxc6 32.Kg2 c5 33.dxc5 Qxc5 34.
Rd2 Qc6 35.Qb5 Qa8 36.Rd4 Rf7 37.f5 exf5 38.Qxd5 Qxd5+ 39.Rxd5 1-0

[Event "16th Africa-ch (w)"]
[Site "Giza EGY"]
[Date "2023.05.07"]
[Round "2.1"]
[White "February, Jesse Nikki"]
[Black "Wafa, Shrook"]
[Result "0-1"]
[WhiteElo "1835"]
[BlackElo "2138"]
[EventDate "2023.05.06"]
[PlyCount "102"]

1.d4 Nf6 2.Nf3 e6 3.Bg5 Be7 4.Nbd2 d5 5.e3 O-O 6.Bd3 Nbd7 7.Qe2 c5 8.c3 c4
9.Bc2 b5 10.e4 dxe4 11.Nxe4 Bb7 12.h4 Qc7 13.Nxf6+ Bxf6 14.Rh3 Rfe8 15.
Bxf6 Bxf3 16.Qxf3 Nxf6 17.Rg3 e5 18.O-O-O exd4 19.cxd4 Qd6 20.Rg5 a6 21.g4
Rac8 22.Rf5 Re7 23.g5 Nd7 24.h5 Nb6 25.Rc5 Rec7 26.Qe4 g6 27.hxg6 hxg6 28.
Rxc7 Qxc7 29.Rh1 c3 30.b3 Qd6 31.Qh4 Kf8 32.Re1 Kg7 33.Qh6+ Kg8 34.Re4 Qf8
35.Qh3 Qg7 36.Qg4 Rd8 37.Re5 Qf8 38.Bxg6 Qa3+ 39.Kd1 Qxa2 40.Bc2 Qa1+ 41.
Ke2 Nd7 42.Re7 Kf8 43.Qe4 Qg1 44.Rxf7+ Kxf7 45.g6+ Kf6 46.Qf5+ Ke7 47.Qf7+
Kd6 48.Qf4+ Ke7 49.Qh4+ Nf6 50.Bf5 c2 51.Qh6 Qd1+ 0-1

[Event "16th Africa-ch (w)"]
[Site "Giza EGY"]
[Date "2023.05.07"]
[Round "2.2"]
[White "Khaled, Mona"]
[Black "Adel, Sara"]
[Result "1-0"]
[WhiteElo "2105"]
[BlackElo "1739"]
[EventDate "2023.05.06"]
[PlyCount "51"]

1.d4 Nf6 2.Nf3 g6 3.Bf4 Bg7 4.e3 O-O 5.Be2 d6 6.h3 Nbd7 7.O-O b6 8.c4 Bb7 
9.Nc3 Ne4 10.Nxe4 Bxe4 11.Rc1 e5 12.Bh2 exd4 13.exd4 Qf6 14.Qa4 Rfd8 15.
Rfd1 Bh6 16.Rc3 c6 17.Bg3 Bf4 18.Bxf4 Qxf4 19.Nd2 Re8 20.Nxe4 b5 21.cxb5 
Nb6 22.Qb3 Rxe4 23.Rf3 Qg5 24.Qxf7+ Kh8 25.Bd3 Rxd4 26.Re1 1-0

[Event "16th Africa-ch (w)"]
[Site "Giza EGY"]
[Date "2023.05.07"]
[Round "2.3"]
[White "Laubscher, Anzel"]
[Black "Wafa, Shahenda"]
[Result "1/2-1/2"]
[WhiteElo "1745"]
[BlackElo "2101"]
[EventDate "2023.05.06"]
[PlyCount "124"]

1.e4 c5 2.Nc3 Nc6 3.f4 g6 4.Nf3 Bg7 5.Bc4 e6 6.d3 Nge7 7.O-O d5 8.Bb3 O-O 
9.f5 dxe4 10.f6 Bxf6 11.Bh6 Bg7 12.Bxg7 Kxg7 13.Nxe4 Nd5 14.Qe1 b6 15.Rd1 
f5 16.Neg5 Qf6 17.Ba4 Nd4 18.c3 Nxf3+ 19.Nxf3 f4 20.Bc6 Rb8 21.Bxd5 exd5 
22.d4 Be6 23.Qf2 c4 24.Ne5 g5 25.Qf3 Rbd8 26.Rde1 Bf5 27.Rf2 b5 28.Qd1 Be4
29.Qg4 Qf5 30.Qd1 Rd6 31.a4 a6 32.axb5 axb5 33.Qa1 g4 34.Qa7+ Kh8 35.Ref1 
Rdf6 36.Qd7 h5 37.Qxf5 Rxf5 38.Ng6+ Kg7 39.Nxf8 Rxf8 40.Rxf4 Rb8 41.Rf7+ 
Kg6 42.Ra7 b4 43.Ra2 bxc3 44.bxc3 Rb3 45.Rc1 h4 46.Kf2 h3 47.gxh3 gxh3 48.
Kg3 Bg2 49.Rxg2 hxg2 50.Kxg2 Kg5 51.Kg3 Kf5 52.Kf3 Kg5 53.h3 Kf5 54.h4 Ra3
55.h5 Kg5 56.h6 Ra7 57.Re1 Rf7+ 58.Kg3 Kxh6 59.Re6+ Kg5 60.Re5+ Rf5 61.
Rxf5+ Kxf5 62.Kf3 Kg5 1/2-1/2

[Event "16th Africa-ch (w)"]
[Site "Giza EGY"]
[Date "2023.05.07"]
[Round "2.4"]
[White "Nassr, Lina"]
[Black "Mahmoud Youssef, Noha"]
[Result "1-0"]
[WhiteElo "2038"]
[BlackElo "1674"]
[EventDate "2023.05.06"]
[PlyCount "73"]

1.d4 Nf6 2.Nf3 e6 3.e3 d5 4.Bd3 c5 5.b3 Nc6 6.Bb2 Bd6 7.a3 O-O 8.O-O Qc7 
9.dxc5 Bxc5 10.c4 dxc4 11.Bxc4 Rd8 12.Qc2 Ne7 13.Nc3 a6 14.Rac1 Bd7 15.Ne2
Rac8 16.Bxf6 gxf6 17.Qb2 b5 18.Bd3 Qd6 19.Rcd1 Bxa3 20.Qxf6 Nd5 21.Bxh7+ 
Kf8 22.Qh6+ Ke8 23.e4 Qf8 24.Qxf8+ Kxf8 25.exd5 f5 26.dxe6 Bxe6 27.Ned4 
Bd7 28.Bxf5 Bxf5 29.Nxf5 Rxd1 30.Rxd1 Bb2 31.h4 Rc5 32.g4 a5 33.Rd8+ Kf7 
34.Ng5+ Kg6 35.Rd6+ Bf6 36.Rxf6+ Kxf6 37.Ne4+ 1-0

[Event "16th Africa-ch (w)"]
[Site "Giza EGY"]
[Date "2023.05.07"]
[Round "2.5"]
[White "Ben Said, Safa"]
[Black "Latreche, Sabrina"]
[Result "0-1"]
[WhiteElo "1655"]
[BlackElo "2036"]
[EventDate "2023.05.06"]
[PlyCount "80"]

1.e4 e5 2.Nf3 Nc6 3.Bb5 a6 4.Ba4 Nf6 5.d3 b5 6.Bb3 Be7 7.Nbd2 d6 8.c3 Na5 
9.Bc2 c5 10.Nf1 O-O 11.Ng3 Re8 12.O-O Bf8 13.Ne1 d5 14.Bg5 Be7 15.f4 exf4 
16.e5 fxg3 17.exf6 gxh2+ 18.Kh1 Bd6 19.Qh5 g6 20.Qh6 Bf5 21.Qh4 Re6 22.d4 
cxd4 23.cxd4 Nc4 24.Nd3 Re4 25.Qf2 Rg4 26.Bc1 Qc7 27.Bd1 Bg3 28.Qf3 Qd6 
29.b3 Nb6 30.Nc5 Rxd4 31.Bh6 Bg4 32.Qc3 Rxd1 33.Raxd1 Bxd1 34.Rxd1 Re8 35.
Nxa6 d4 36.Qd3 Qe5 37.Bd2 Qe2 38.Qxe2 Rxe2 39.Ba5 Nd5 40.Bd8 d3 0-1

[Event "16th Africa-ch (w)"]
[Site "Giza EGY"]
[Date "2023.05.07"]
[Round "3.1"]
[White "Wafa, Shrook"]
[Black "Nassr, Lina"]
[Result "0-1"]
[WhiteElo "2138"]
[BlackElo "2038"]
[EventDate "2023.05.06"]
[PlyCount "112"]

1.e4 c5 2.Nf3 e6 3.c4 Nc6 4.d4 cxd4 5.Nxd4 Qb6 6.Nxc6 dxc6 7.Nc3 e5 8.Bd3 
Nf6 9.O-O Be7 10.Qf3 O-O 11.h3 Be6 12.Qg3 Nd7 13.Rb1 a6 14.Be3 Qc7 15.f4 
exf4 16.Bxf4 Qb6+ 17.Kh1 Kh8 18.e5 Nc5 19.Be3 Qd8 20.Bxc5 Bxc5 21.Rbd1 Qe7
22.Ne4 Rad8 23.b3 Bd4 24.Nf6 h6 25.Qf4 Bc5 26.Qe4 g6 27.Qh4 Kg7 28.Qg3 Rd4
29.Nh5+ Kh8 30.Nf6 Rfd8 31.Qf3 Qc7 32.Rfe1 Bf8 33.Re3 Bg7 34.Rde1 Qe7 35.
Bb1 Rd2 36.a4 Rb2 37.Qf4 Rdd2 38.Be4 Qd8 39.Bf3 g5 40.Qe4 Bxf6 41.exf6 
Qxf6 42.Rd3 Kg7 43.Rxd2 Rxd2 44.Kg1 Bf5 45.Qe5 Rd3 46.Qxf6+ Kxf6 47.Bd1 
Rd2 48.Kh2 Rd4 49.Kg3 Be4 50.Kf2 Ke5 51.Bf3 f5 52.Re3 Rd2+ 53.Ke1 Rb2 54.
Be2 Kd4 55.Rg3 f4 56.Rg4 Bf5 0-1

[Event "16th Africa-ch (w)"]
[Site "Giza EGY"]
[Date "2023.05.07"]
[Round "3.2"]
[White "Latreche, Sabrina"]
[Black "Khaled, Mona"]
[Result "0-1"]
[WhiteElo "2036"]
[BlackElo "2105"]
[EventDate "2023.05.06"]
[PlyCount "60"]

1.e4 e5 2.Nf3 Nc6 3.Bc4 Bc5 4.d3 d6 5.Ng5 Nh6 6.h3 Na5 7.c3 Nxc4 8.Qa4+ c6
9.Qxc4 Qf6 10.O-O Bb6 11.Kh1 Ng8 12.f4 h6 13.Nf3 exf4 14.e5 dxe5 15.Re1 
Be6 16.Qe4 O-O-O 17.Qxe5 g5 18.d4 Qxe5 19.Nxe5 c5 20.dxc5 Bxc5 21.Nd2 Nf6 
22.Nb3 Bf2 23.Rf1 Ne4 24.Kh2 f6 25.Nf3 Bg3+ 26.Kg1 Bc4 27.Nfd2 Nxd2 28.
Bxd2 Bxb3 29.Bxf4 Bxf4 30.axb3 Rd2 0-1

[Event "16th Africa-ch (w)"]
[Site "Giza EGY"]
[Date "2023.05.07"]
[Round "3.3"]
[White "Abdi, Zineb Dina"]
[Black "El-Ansary, Eman"]
[Result "0-1"]
[WhiteElo "1855"]
[BlackElo "1872"]
[EventDate "2023.05.06"]
[PlyCount "118"]

1.e4 Nf6 2.e5 Nd5 3.c4 Nb6 4.d4 d6 5.exd6 exd6 6.Nc3 Be7 7.Be3 Bf5 8.Nf3 
O-O 9.Be2 Nc6 10.d5 Ne5 11.Nd4 Bg6 12.b3 c5 13.dxc6 Nxc6 14.O-O a6 15.Qd2 
Re8 16.Bf3 Rc8 17.Bg4 Rb8 18.Rad1 Qc7 19.Rc1 Ne5 20.Be2 Ned7 21.a4 Qd8 22.
a5 Na8 23.f4 h6 24.b4 Nc7 25.Bf3 Nf6 26.f5 Bh5 27.Bxh6 gxh6 28.Qxh6 Bf8 
29.Qg5+ Bg7 30.Bxh5 Nxh5 31.Qxh5 Bxd4+ 32.Kh1 Qf6 33.Ne2 Re4 34.Qf3 Rbe8 
35.Nxd4 Qxd4 36.Rfd1 Qg7 37.h3 Qe5 38.Qh5 Qg3 39.Rf1 R8e5 40.Qh6 Re2 41.
Rg1 Rxf5 42.Rcd1 Ne6 43.Rd2 Rff2 44.Rxe2 Rxe2 45.Qh5 Nf4 46.Qf3 Qxf3 47.
gxf3+ Kf8 48.h4 Rf2 49.Rd1 Ke7 50.b5 axb5 51.cxb5 Ra2 52.Rc1 Ne6 53.f4 
Rxa5 54.f5 Nc5 55.h5 Ra4 56.Kg2 Rh4 57.Re1+ Kf6 58.Kg3 Rxh5 59.Kg4 Rxf5 
0-1

[Event "16th Africa-ch (w)"]
[Site "Giza EGY"]
[Date "2023.05.07"]
[Round "3.4"]
[White "Wafa, Shahenda"]
[Black "Gebratsadik, Merhawit Brhane"]
[Result "1-0"]
[WhiteElo "2101"]
[BlackElo "1393"]
[EventDate "2023.05.06"]
[PlyCount "75"]

1.e4 c5 2.Nf3 Nc6 3.d4 cxd4 4.Nxd4 g6 5.Nc3 Bg7 6.Be3 Nf6 7.Bc4 O-O 8.Bb3 
Na5 9.f3 d6 10.Qd2 Nxb3 11.axb3 Bd7 12.O-O h5 13.Rfd1 a6 14.Qf2 Qc8 15.Qd2
b5 16.Ra5 h4 17.Rda1 Qb7 18.h3 Nh7 19.Nd5 Be6 20.Nb4 d5 21.Nxe6 fxe6 22.
exd5 exd5 23.Qxd5+ Qxd5 24.Nxd5 Bxb2 25.R1a2 Bf6 26.Rxa6 Rad8 27.Nxf6+ 
exf6 28.Rb6 Rfe8 29.Kf2 Rd5 30.c3 Rd3 31.Bd4 Rd1 32.Rxb5 Ree1 33.Re2 Rf1+ 
34.Ke3 f5 35.Kf4 Kf7 36.Rb7+ Kg8 37.Re8+ Nf8 38.Rg7+ 1-0

[Event "16th Africa-ch (w)"]
[Site "Giza EGY"]
[Date "2023.05.07"]
[Round "3.5"]
[White "February, Jesse Nikki"]
[Black "Laubscher, Anzel"]
[Result "1-0"]
[WhiteElo "1835"]
[BlackElo "1745"]
[EventDate "2023.05.06"]
[PlyCount "83"]

1.d4 Nf6 2.Nf3 e6 3.Bg5 Be7 4.Nbd2 d5 5.e3 O-O 6.Bd3 c5 7.c3 b6 8.Qe2 Bb7 
9.Rd1 Nbd7 10.Ne5 h6 11.Bh4 Nxe5 12.dxe5 Nd7 13.Bg3 Bh4 14.f4 Bxg3+ 15.
hxg3 f6 16.Qg4 f5 17.Qg6 Qe8 18.Rxh6 Qxg6 19.Rxg6 Kf7 20.Rg5 Rh8 21.Kf2 
Rh6 22.g4 g6 23.Bb5 Nf8 24.gxf5 exf5 25.Nf3 a6 26.Be2 Ne6 27.Rg3 Rd8 28.
Ng5+ Nxg5 29.Rxg5 Ke6 30.Bf3 b5 31.e4 fxe4 32.Bxe4 Rf8 33.Bxg6 Rxf4+ 34.
Kg3 Rfh4 35.Rf1 d4 36.Rf6+ Kd5 37.e6+ Kd6 38.e7+ Kxe7 39.Rf7+ Ke6 40.Rxb7 
Kf6 41.Rxc5 Kxg6 42.Rb6+ 1-0

[Event "16th Africa-ch (w)"]
[Site "Giza EGY"]
[Date "2023.05.08"]
[Round "4.1"]
[White "Khaled, Mona"]
[Black "El-Ansary, Eman"]
[Result "0-1"]
[WhiteElo "2105"]
[BlackElo "1872"]
[EventDate "2023.05.06"]
[PlyCount "36"]

1.Nf3 d5 2.d4 Nf6 3.e3 c6 4.Bd3 Bg4 5.c4 e6 6.Qb3 Bxf3 7.Qxb7 Bxg2 8.Rg1 
dxc4 9.Rxg2 cxd3 10.Qxa8 Qc7 11.a4 Bb4+ 12.Bd2 Bxd2+ 13.Nxd2 O-O 14.Rc1 
Nd5 15.a5 Nb4 16.Ne4 Nd7 17.Qxf8+ Kxf8 18.Nc5 Nc2+ 0-1

[Event "16th Africa-ch (w)"]
[Site "Giza EGY"]
[Date "2023.05.08"]
[Round "4.2"]
[White "Nassr, Lina"]
[Black "Wafa, Shahenda"]
[Result "1-0"]
[WhiteElo "2038"]
[BlackElo "2101"]
[EventDate "2023.05.06"]
[PlyCount "96"]

1.d4 Nf6 2.Nf3 g6 3.Nbd2 Bg7 4.e4 d6 5.Bd3 O-O 6.O-O c6 7.Re1 Qc7 8.c3 e5 
9.dxe5 dxe5 10.Qc2 Nh5 11.a4 Nf4 12.Bf1 h6 13.h3 Be6 14.Nc4 Nd7 15.Ne3 Nc5
16.Bc4 Bxc4 17.Nxc4 Ncd3 18.Rd1 Nxc1 19.Raxc1 Rad8 20.Kh2 b6 21.g3 Ne6 22.
Kg2 a5 23.Ne3 Rxd1 24.Rxd1 Rd8 25.Rxd8+ Qxd8 26.Nc4 f6 27.Qb3 Nc5 28.Qxb6 
Qxb6 29.Nxb6 Nxe4 30.b4 Bf8 31.bxa5 Bc5 32.c4 Kf7 33.Nc8 Ke6 34.a6 Kd7 35.
a7 Bxa7 36.Nxa7 Kc7 37.Nh4 Kb7 38.Nxc6 Kxc6 39.Nxg6 Kc5 40.a5 Nd2 41.Ne7 
Nxc4 42.a6 Kb6 43.Ng8 Kxa6 44.Nxf6 Nd6 45.Kf3 Kb7 46.h4 Nf7 47.Ke4 Kc6 48.
Kf5 Kd6 1-0

[Event "16th Africa-ch (w)"]
[Site "Giza EGY"]
[Date "2023.05.08"]
[Round "4.3"]
[White "Adel, Sara"]
[Black "Wafa, Shrook"]
[Result "1-0"]
[WhiteElo "1739"]
[BlackElo "2138"]
[EventDate "2023.05.06"]
[PlyCount "89"]

1.e4 c5 2.Nf3 d6 3.d4 cxd4 4.Nxd4 Nf6 5.Nc3 a6 6.f3 Nc6 7.Be3 e5 8.Nb3 Be7
9.Qd2 Be6 10.Nd5 Bxd5 11.exd5 Nb8 12.g4 Nbd7 13.g5 Nh5 14.Rg1 O-O 15.Bh3 
g6 16.Bg4 Ng7 17.h4 f5 18.gxf6 Nxf6 19.O-O-O Nxg4 20.fxg4 Bxh4 21.Rh1 Rf3 
22.Bh6 g5 23.Qa5 b6 24.Qa4 b5 25.Qa5 Qxa5 26.Nxa5 Raf8 27.Nc6 R8f7 28.Bxg7
Kxg7 29.Nd8 R7f6 30.Ne6+ Kg6 31.Nc7 R6f4 32.Ne8 Rxg4 33.Nxd6 Rf2 34.Kb1 
Rd4 35.Nb7 Rfd2 36.Rxd2 Rxd2 37.d6 g4 38.c4 Bf2 39.c5 g3 40.Rc1 Bd4 41.Re1
Rxb2+ 42.Kc1 Rxa2 43.d7 Ra1+ 44.Kd2 Rxe1 45.d8=Q 1-0

[Event "16th Africa-ch (w)"]
[Site "Giza EGY"]
[Date "2023.05.08"]
[Round "4.4"]
[White "Du Plessis, Anika"]
[Black "Latreche, Sabrina"]
[Result "1-0"]
[WhiteElo "1613"]
[BlackElo "2036"]
[EventDate "2023.05.06"]
[PlyCount "75"]

1.e4 e5 2.Nf3 Nc6 3.d4 exd4 4.Nxd4 Bc5 5.Nb3 Bb6 6.Nc3 d6 7.Qe2 Nd4 8.Qd3 
Nxb3 9.axb3 Be6 10.Be2 Ne7 11.Bg5 h6 12.Be3 Bxe3 13.Qxe3 a6 14.f4 f5 15.
Bh5+ Kf8 16.O-O-O g6 17.exf5 Bxf5 18.Bf3 Nc6 19.Nd5 Kf7 20.Rhe1 Re8 21.Qc3
Rxe1 22.Qxe1 Rc8 23.g4 Be6 24.h4 Qh8 25.f5 gxf5 26.gxf5 Bd7 27.Bh5+ Kf8 
28.f6 Qh7 29.Qg3 Be6 30.Bg6 Qh8 31.Nf4 Bd7 32.Nd5 Be6 33.Nf4 Bd7 34.Rf1 
Ne5 35.h5 c6 36.Nd3 Qg8 37.Nxe5 dxe5 38.Qxe5 1-0

[Event "16th Africa-ch (w)"]
[Site "Giza EGY"]
[Date "2023.05.08"]
[Round "4.5"]
[White "Romany, Joy"]
[Black "Allam, Yara"]
[Result "1/2-1/2"]
[WhiteElo "1736"]
[BlackElo "1881"]
[EventDate "2023.05.06"]
[PlyCount "50"]

1.d4 d5 2.c4 c6 3.Nf3 Nf6 4.Nc3 e6 5.e3 Nbd7 6.Qc2 b6 7.b3 Bb7 8.Bd3 Be7 
9.O-O O-O 10.cxd5 exd5 11.Bb2 Rc8 12.Rae1 c5 13.Qe2 Re8 14.Rd1 Bd6 15.Ba6 
Bxa6 16.Qxa6 Bb8 17.dxc5 Nxc5 18.Qe2 Re7 19.Nb5 Rd7 20.Nbd4 Rcc7 21.b4 Na4
22.Ba1 Qc8 23.Qe1 a6 24.Rc1 Rc4 25.Rxc4 Qxc4 1/2-1/2

[Event "16th Africa-ch (w)"]
[Site "Giza EGY"]
[Date "2023.05.09"]
[Round "5.1"]
[White "El-Ansary, Eman"]
[Black "Nassr, Lina"]
[Result "0-1"]
[WhiteElo "1872"]
[BlackElo "2038"]
[EventDate "2023.05.06"]
[PlyCount "72"]

1.d4 e6 2.Nc3 d5 3.Bf4 Nf6 4.e3 a6 5.Bd3 c5 6.Nf3 Nc6 7.a3 b6 8.Ne5 Bb7 9.
Nxc6 Bxc6 10.O-O Be7 11.Qf3 O-O 12.g4 Nd7 13.Qh3 g6 14.Bh6 Re8 15.f4 Bf6 
16.dxc5 Nxc5 17.Bg5 d4 18.Rad1 Ra7 19.b4 Nxd3 20.Rxd3 Rd7 21.Bxf6 Qxf6 22.
exd4 Rxd4 23.Qe3 Rxd3 24.cxd3 Qxc3 25.Rc1 Qxa3 26.Rxc6 Qxb4 27.Rxb6 Qa4 
28.g5 Qa1+ 29.Kg2 Rc8 30.Kg3 Rd8 31.d4 a5 32.Rxe6 Qxd4 33.Re8+ Kg7 34.
Qxd4+ Rxd4 35.Ra8 Ra4 36.h4 Ra1 0-1

[Event "16th Africa-ch (w)"]
[Site "Giza EGY"]
[Date "2023.05.09"]
[Round "5.2"]
[White "Du Plessis, Anika"]
[Black "Khaled, Mona"]
[Result "0-1"]
[WhiteElo "1613"]
[BlackElo "2105"]
[EventDate "2023.05.06"]
[PlyCount "40"]

1.e4 e5 2.Nf3 Nc6 3.d4 exd4 4.Nxd4 Bb4+ 5.c3 Bc5 6.Nf5 d5 7.Bb5 Bxf5 8.
exf5 Qe7+ 9.Be2 O-O-O 10.O-O d4 11.Bf3 Ne5 12.b4 dxc3 13.Bxb7+ Kxb7 14.Qb3
Bb6 15.a4 Nd3 16.Nxc3 Nf6 17.Ba3 Nxf2 18.a5 Qe3 19.axb6 Nh3+ 20.Kh1 Qg1+ 
0-1

[Event "16th Africa-ch (w)"]
[Site "Giza EGY"]
[Date "2023.05.09"]
[Round "5.3"]
[White "February, Jesse Nikki"]
[Black "Adel, Sara"]
[Result "1-0"]
[WhiteElo "1835"]
[BlackElo "1739"]
[EventDate "2023.05.06"]
[PlyCount "80"]

1.d4 Nf6 2.Nf3 g6 3.Bg5 Bg7 4.Nbd2 h6 5.Bh4 d6 6.c3 Nbd7 7.e4 e5 8.Bd3 O-O
9.O-O Re8 10.Re1 c6 11.h3 g5 12.Bg3 Nh5 13.Nc4 Nb6 14.Ne3 Nxg3 15.fxg3 d5 
16.dxe5 Bxe5 17.Nxe5 Rxe5 18.exd5 Nxd5 19.Nc4 Rxe1+ 20.Qxe1 b5 21.Ne5 Qb6+
22.Kh2 Ne3 23.Qe2 Be6 24.Re1 Nd5 25.Qh5 Kg7 26.Rf1 Qc7 27.Ng4 Bxg4 28.Qxg4
Qe5 29.Qd7 Nf6 30.Qxc6 Rd8 31.Qxb5 Rd5 32.Qc4 Nh5 33.Rf3 Qd6 34.Be4 Nxg3 
35.Rxg3 Rd2 36.Qc6 Qf4 37.Bf3 Rxb2 38.Qd5 Rd2 39.Qe4 Qc7 40.Qe3 f5 1-0

[Event "16th Africa-ch (w)"]
[Site "Giza EGY"]
[Date "2023.05.09"]
[Round "5.4"]
[White "Wafa, Shahenda"]
[Black "Romany, Joy"]
[Result "1-0"]
[WhiteElo "2101"]
[BlackElo "1736"]
[EventDate "2023.05.06"]
[PlyCount "70"]

1.e4 c5 2.Nf3 e6 3.d4 cxd4 4.Nxd4 Nc6 5.Nc3 Qc7 6.g3 a6 7.Bg2 Nf6 8.O-O 
Nxd4 9.Qxd4 Bc5 10.Bf4 Bxd4 11.Bxc7 Bxc3 12.bxc3 b5 13.e5 Nd5 14.Bd6 Bb7 
15.a4 Rc8 16.axb5 axb5 17.Rfb1 Bc6 18.Rb3 f6 19.f4 Kf7 20.Bf1 Ra8 21.Rab1 
Rhe8 22.Bd3 f5 23.Kf2 h6 24.h4 g5 25.hxg5 hxg5 26.g4 fxg4 27.fxg5 Ra4 28.
Kg3 Rh8 29.Rf1+ Kg7 30.Bb4 Nxb4 31.Rxb4 Bf3 32.Bxb5 Ra7 33.Rf4 Rh3+ 34.Kf2
Ra5 35.Rb1 Ra2 1-0

[Event "16th Africa-ch (w)"]
[Site "Giza EGY"]
[Date "2023.05.09"]
[Round "5.5"]
[White "Abdi, Zineb Dina"]
[Black "Caxita, Esperanca"]
[Result "1/2-1/2"]
[WhiteElo "1855"]
[BlackElo "1899"]
[EventDate "2023.05.06"]
[PlyCount "78"]

1.e4 d5 2.exd5 Qxd5 3.Nc3 Qe5+ 4.Qe2 Qxe2+ 5.Bxe2 Nf6 6.Nf3 Bf5 7.Nd4 Bg6 
8.Ncb5 Na6 9.Bf3 Be4 10.Bxe4 Nxe4 11.d3 Nf6 12.Be3 c6 13.Nc3 e6 14.O-O Bd6
15.Rfe1 Ng4 16.Nf3 Nxe3 17.fxe3 Bb4 18.Reb1 Bxc3 19.bxc3 O-O-O 20.Rb2 f6 
21.Rab1 Rd7 22.d4 Re8 23.Kf2 Ree7 24.Nd2 Nc5 25.Ke2 Na4 26.Rb3 e5 27.Nf3 
exd4 28.cxd4 Nb6 29.Kd3 Nd5 30.Re1 Nc7 31.c4 Na6 32.Kc2 Re4 33.g3 c5 34.
Rd3 cxd4 35.exd4 Rde7 36.Rxe4 Rxe4 37.Kd2 Kd7 38.Rb3 b6 39.Kd3 Re7 1/2-1/2

[Event "16th Africa-ch (w)"]
[Site "Giza EGY"]
[Date "2023.05.10"]
[Round "6.1"]
[White "Nassr, Lina"]
[Black "Khaled, Mona"]
[Result "0-1"]
[WhiteElo "2038"]
[BlackElo "2105"]
[EventDate "2023.05.06"]
[PlyCount "69"]

1.c4 e6 2.e3 d5 3.Nf3 c5 4.d4 Nc6 5.Nc3 Nf6 6.a3 a6 7.Bd3 cxd4 8.exd4 dxc4
9.Bxc4 b5 10.Ba2 Ne7 11.Bg5 Bb7 12.O-O h6 13.Bh4 Nf5 14.Bxf6 Qxf6 15.d5 
O-O-O 16.Qc2 Kb8 17.Ne4 Nd4 18.Nxd4 Qxd4 19.Rad1 Qe5 20.Rfe1 exd5 21.b4 
Bxb4 22.axb4 dxe4 23.Bxf7 Rxd1 24.Qxd1 Rf8 25.Bb3 Rf6 26.Re3 Rd6 27.Qb1 
Rd2 28.g3 Qd4 29.Qe1 Qxb4 30.Kg2 Rd4 31.Qe2 Rd3 32.Bf7 Qf8 33.Bb3 Qf3+ 34.
Kg1 Qxe2 35.Rxe2 0-1

[Event "16th Africa-ch (w)"]
[Site "Giza EGY"]
[Date "2023.05.10"]
[Round "6.2"]
[White "El-Ansary, Eman"]
[Black "February, Jesse Nikki"]
[Result "0-1"]
[WhiteElo "1872"]
[BlackElo "1835"]
[EventDate "2023.05.06"]
[PlyCount "132"]

1.d4 c5 2.d5 e5 3.c4 d6 4.Nc3 Be7 5.g3 Nf6 6.Bg2 Nh5 7.e4 g6 8.h4 a6 9.Bf3
Ng7 10.h5 gxh5 11.Bh6 Rg8 12.Bxg7 Rxg7 13.Bxh5 Nd7 14.Qa4 Kf8 15.O-O-O Nf6
16.Be2 Bd7 17.Qc2 b5 18.Nh3 Qa5 19.b3 Qa3+ 20.Kd2 Rb8 21.Rde1 bxc4 22.Bxc4
Bb5 23.Rb1 Bd8 24.Rhg1 Ba5 25.Kd3 Rg4 26.f3 Bxc4+ 27.Ke3 Rg6 28.bxc4 Rxb1 
29.Rxb1 Qxc3+ 30.Qxc3 Bxc3 31.g4 Ke7 32.Rb7+ Nd7 33.Kd3 Bb4 34.Nf2 Rh6 35.
g5 Rh5 36.Ng4 Rxg5 37.Nh6 Rg6 38.Nf5+ Kd8 39.Ra7 Nb8 40.Rxf7 h6 41.Ng7 Ba5
42.Ne6+ Kc8 43.Kc2 h5 44.Rh7 Rg3 45.Rh8+ Kb7 46.Rh7+ Ka8 47.f4 exf4 48.
Nxf4 Rc3+ 49.Kb2 Rxc4 50.Nxh5 Rxe4 51.Nf6 Re2+ 52.Kb3 Bd8 53.Ng4 Rg2 54.
Rg7 Bf6 55.Rg6 Bd4 56.a4 Kb7 57.Kc4 Nd7 58.Kd3 Nf6 59.Ne5 Rxg6 60.Nxg6 
Nxd5 61.Kc4 Nb6+ 62.Kb3 c4+ 63.Kb4 Bc5+ 64.Kc3 d5 65.a5 Na4+ 66.Kc2 Kc6 
0-1

[Event "16th Africa-ch (w)"]
[Site "Giza EGY"]
[Date "2023.05.10"]
[Round "6.3"]
[White "Allam, Yara"]
[Black "Wafa, Shahenda"]
[Result "0-1"]
[WhiteElo "1881"]
[BlackElo "2101"]
[EventDate "2023.05.06"]
[PlyCount "42"]

1.e4 c5 2.Nf3 d6 3.d4 cxd4 4.Nxd4 Nf6 5.Nc3 a6 6.f3 e5 7.Nb3 Be6 8.Be3 Be7
9.Qd2 O-O 10.O-O-O b5 11.g4 Nbd7 12.h4 b4 13.Na4 a5 14.Bb5 Rb8 15.Qd3 Qc7 
16.g5 Nh5 17.Kb1 Rfd8 18.Nd2 Nc5 19.Qf1 Ng3 20.Qg2 Nxh1 21.c4 Rxb5 0-1